书目信息 |
| 题名: |
海岸及近海工程
|
|
| 作者: | 薛鸿超 著 | |
| 分册: | ||
| 出版信息: | 北京 中国环境科学出版社 2003 |
|
| 页数: | 465页 | |
| 开本: | 21cm | |
| 丛书名: | 中国现代科学全书 | |
| 单 册: | ||
| 中图分类: | P753 , P751 | |
| 科图分类: | ||
| 主题词: | 近海工程 , 海岸工程 | |
| 电子资源: | ||
| ISBN: | 7-80163-793-3 | |
| 000 | 01018oam2 2200301 450 | |
| 001 | 003055967 | |
| 005 | 20070805094144.39 | |
| 010 | @a7-80163-793-3@dCNY45.00 | |
| 100 | @a20060104d2003 em y0chiy0110 ea | |
| 101 | 0 | @achi |
| 102 | @aCN@b110000 | |
| 105 | @aab z 000yy | |
| 200 | 1 | @a海岸及近海工程@9hai an ji jin hai gong cheng@f薛鸿超著 |
| 210 | @a北京@c中国环境科学出版社@d2003@h2005印 | |
| 215 | @a465页@c图,地图@d21cm | |
| 225 | 2 | @a中国现代科学全书@i水利工程 |
| 300 | @a江苏省“十五”重点学科港口海岸及近海工程资助出版 | |
| 312 | @a封面英文题名:Coastal and offshore engineering | |
| 330 | @a本书内容包括:浅海的环境、资源与开发,海岸及近海动力学问题,海岸防护工程,围海工程,海港工程等。 | |
| 462 | 0 | @12001 @a中国现代科学全书@i水利工程 |
| 510 | 1 | @aCoastal and offshore engineering@zeng |
| 606 | 0 | @a近海工程 |
| 606 | 0 | @a海岸工程 |
| 690 | @aP753@v4 | |
| 690 | @aP751@v4 | |
| 701 | 0 | @a薛鸿超@9xue hong chao@f(1929.12~)@4著 |
| 801 | 0 | @aCN@bNLC@c20070805 |
| 905 | @a10447@dP753@e48 | |
| 海岸及近海工程/薛鸿超著.-北京:中国环境科学出版社,2003(2005印) |
| 465页:图,地图;21cm.-(中国现代科学全书.水利工程) |
| 江苏省“十五”重点学科港口海岸及近海工程资助出版 |
| ISBN 7-80163-793-3:CNY45.00 |
| 本书内容包括:浅海的环境、资源与开发,海岸及近海动力学问题,海岸防护工程,围海工程,海港工程等。 |
| ● |
| 相关链接 |
|
|
|
|
正题名:海岸及近海工程
索取号:P753/48
 
预约/预借
| 序号 | 登录号 | 条形码 | 馆藏地/架位号 | 状态 | 备注 |
| 1 | 0807867 | 208078676 | 第二样本阅览室/ [索取号:P753/48] | 在馆 | |
| 2 | 0807868 | 208078685 | 第三借阅区/ [索取号:P753/48] | 在馆 |